MARC

LEADER 00000nam0a2200000 4500
001 277542
005 20231101235027.0
035 |a (RuTPU)RU\TPU\book\300817 
090 |a 277542 
100 |a 20141203d1985 k y0rusy50 ca 
101 0 |a rus 
102 |a RU 
105 |a a z 001zy 
200 1 |a Безопасность и гигиена труда  |e сборник научных работ институтов охраны труда ВЦСПС  |f Всесоюзный научно-исследовательский институт охраны труда (ВНИИОТ) ; под ред. Е. Д. Чистова 
210 |a Москва  |c Профиздат  |d 1985 
215 |a 144 с.  |c ил. 
320 |a Библиогр. в конце ст. 
606 1 |a Труд на предприятиях  |2 stltpush  |3 (RuTPU)RU\TPU\subj\61965  |9 79126 
610 1 |a безопасность 
610 1 |a гигиена труда 
610 1 |a научная деятельность 
610 1 |a индивидуальная защита 
610 1 |a нагрузки 
610 1 |a информация 
610 1 |a автоматизированные интегральные системы 
675 |a 658.382  |v 3 
702 1 |a Чистов  |b Е. Д.  |4 340 
712 0 2 |a Всесоюзный научно-исследовательский институт охраны труда (ВНИИОТ)  |c (Москва)  |c (1933-1960)  |2 stltpush  |3 (RuTPU)RU\TPU\col\9305 
801 1 |a RU  |b 63413507  |c 20141203 
801 2 |a RU  |b 63413507  |c 20160504  |g RCR 
942 |c BK